000 01077nam a2200301 i 4500
003 DO-SdBNP
005 20240827103449.0
007 ta
008 240827b1974 sp ||||| |||| 00| 0 spa d
020 _a842970955X
040 _aDO-SdBNP
_bspa
_cBNPHU
_erda
082 4 _222
100 _aHyppolite, Jean,
_d1907-1968
_eautor
_986424
245 _aGénesis y estructura de la Fenomenología del Espíritu de Hegel /
_cJean Hyppolite ; traducción, Francisco Fernández Buey
250 _aPrimera edición
264 _aBarcelona, España :
_bEdiciones Península,
_c1974.
300 _a562 páginas ;
_c20 cm.
336 _2rdacontent
_atexto
_btxt
337 _2rdamedia
_asin mediación
_bn
338 _2rdacarrier
_avolumen
_bnc
490 _aHistoria, Ciencia, Sociedad
_v105
500 _aIncluye datos biográficos del autor en la contracubierta
500 _aIncluye referencias bibliográficas y notas al pie de las páginas
590 _aInventariado, 2024/BT
700 _aFernández Buey, Buey,
_etraducción
_986425
910 _aBtavárez
942 _2ddc
_cLBS1
999 _c57559
_d57559